000 00583nam a2200193Ia 4500
003 GCL
008 140319s9999 xx 000 0 ara d
040 _aGCL /
_cGCL
082 0 4 _a516.6
_bع م
100 1 _aعماد درويش
245 1 0 _aموسوعة مسائل الهندسة الوصفية /
_cعماد درويش
700 1 _aمصباح عز
300 _a287 ص
490 _aالهيئة العامة للاستعلامات
_v0
650 0 4 _aالهندسة
650 0 4 _aالهندسة الوصفية
650 0 4 _aالهندسة الفراغية
942 _2ddc
_cBK
999 _c49152
_d49152